000 00858nam a2200253 a 4500
001 000013695
003 DO-SdBNP
005 20250621074005.0
008 091127s1986 dr 000 0 spa d
040 _aDO-SdBNP
_bspa
_cBNPHU
049 _aBNPD
082 _a338.97293
_bM233p
100 1 _aMajluta, Jacobo
_931128
245 1 0 _aProgramas económicos de gobierno /
_cJacobo Majluta, Narciso Isa Conde, Joaquín Balaguer.
260 _aSanto Domingo :
_bEditora De Colores,
_c1986.
300 _a94 P. ;
_c21 cm.
500 _aIncluye notas al pie de las páginas
600 1 0 _aMajluta, Jacobo,
_y1934-1996
_931129
600 1 0 _aIsa Conde, Narciso,
_d1942-
_912387
600 1 0 _a Balaguer, Joaquín,
_d1906-2002
_976556
651 1 0 _aRepública Dominicana
_xPolítica y gobierno
_945
700 1 _aIsa Conde, Narciso,
_d1942-
_912387
942 _2ddc
_cLBS1
999 _c13308
_d13308